000 00278nam a2200109Ia 4500
005 20251222114356.0
008 251222s1900||||xx |||||||||||||| ||spa||
082 _aDVD0040/S75.1/1981/Ej.2
245 0 _aIndiana Jones: En busca del arca perdida
264 _bLucasfilm
942 _cDVD
999 _c1449
_d1449